000 003500000a22000970004500
100 1 _aDe Marco, Miguel Angel (1966- )
245 1 0 _aThe sing of growing up : Latin churches show their maturity by full involvement in world missions
300 _aVol. 77, Num 3 (Julio-Septiembre, 1997), Páginas 12-14
773 0 _tLatin America Evangelist
942 _cANA
999 _c55089
_d55089